[Event "NED-chT 2223"]
[Site "Netherlands"]
[Date "2022.10.08"]
[Round "2.10"]
[White "Rijnaarts, Sjef"]
[Black "Rademakers, Evert"]
[Result "0-1"]
[WhiteElo "2293"]
[BlackElo "2250"]
[PlyCount "112"]
[EventDate "2022.09.17"]
[EventType "team-tourn"]
[EventRounds "9"]
[EventCountry "NED"]
[SourceTitle "CBM 213 Extra"]
[Source "ChessBase"]
[SourceDate "2023.05.31"]
[SourceVersion "1"]
[SourceVersionDate "2023.05.31"]
[SourceQuality "1"]
[WhiteTeam "Apeldoorn Amevo"]
[BlackTeam "Paul Keres"]
[WhiteTeamCountry "NED"]
[BlackTeamCountry "NED"]

1. e4 g6 2. d4 Bg7 3. Nc3 d6 4. Be3 a6 5. h4 h5 6. Nh3 Bxh3 7. Rxh3 Nd7 8. Qd2 c5 9. dxc5 Nxc5 10. Bd4 Nf6 11. f3 Bh6 12. Qf2 Qb6 13. Nd5 Nxd5 14. exd5 0-0 15. c3 Rae8 16. Bc4 Qc7 17. a4 e6 18. Kf1 exd5 19. Bxd5 Nd3 20. Qc2 Nf4 21. Qb3 Nxh3 22. gxh3 Qe7 23. Qc2 Kh7 24. Bf2 Qe5 25. Bxb7 Qh2 26. f4 Bxf4 27. Bg2 Be3 28. Rd1 Qf4 29. Kg1 Qxh4 30. Rxd6 Bxf2+ 31. Qxf2 Qxa4 32. Rf6 Qc4 33. Bf1 Qd5 34. Rxa6 Re5 35. Rf6 Rg5+ 36. Kh2 Qe5+ 37. Qf4 Qd5 38. c4 Qc5 39. Rxf7+ Rxf7 40. Qxf7+ Kh6 41. Bg2 Qe5+ 42. Kh1 Qxb2 43. Qf8+ Qg7 44. Qa3 Qe5 45. Qf8+ Kh7 46. Qf7+ Qg7 47. Qf2 Qa1+ 48. Kh2 Qe5+ 49. Kh1 Rf5 50. Qd2 Rf4 51. c5 Rd4 52. Qc2 Qe1+ 53. Kh2 Rd1 54. Qb3 Qe5+ 55. Qg3 Qxc5 56. h4 Qd6 0-1

[Event "Utrecht Keres Memorial"]
[Site "Utrecht"]
[Date "2022.05.27"]
[Round "1"]
[White "Rademakers, Evert"]
[Black "Rosmuller, Anton J"]
[Result "0-1"]
[WhiteElo "2274"]
[BlackElo "2024"]
[PlyCount "80"]
[EventDate "2022.05.27"]
[EventType "swiss"]
[EventRounds "6"]
[EventCountry "NED"]
[SourceTitle "CBM 208 Extra"]
[Source "ChessBase"]
[SourceDate "2022.07.31"]
[SourceVersion "1"]
[SourceVersionDate "2022.07.31"]
[SourceQuality "1"]

1. d4 Nf6 2. c4 e6 3. Nc3 Bb4 4. f3 d5 5. a3 Bxc3+ 6. bxc3 0-0 7. e3 c5 8. cxd5 exd5 9. Bd3 Re8 10. Ne2 Nc6 11. 0-0 cxd4 12. cxd4 b6 13. Ra2 Bb7 14. g4 Rc8 15. Ng3 g6 16. Re2 Na5 17. g5 Nd7 18. e4 Nf8 19. Bb5 Re7 20. e5 Ne6 21. Be3 Nc4 22. f4 Rec7 23. h4 Nxe3 24. Rxe3 Nxf4 25. Qg4 Ne6 26. Ref3 Qf8 27. h5 Rd8 28. Bd3 Qg7 29. h6 Qf8 30. Nh5 Bc8 31. Nf6+ Kh8 32. Qh4 Qxa3 33. Bxg6 Rc3 34. Bh5 Rxf3 35. Bxf3 Qe3+ 36. Kh1 Ba6 37. Rf2 Nxd4 38. g6 fxg6 39. Ng4 Qe1+ 40. Kg2 Bf1+ 0-1

[Event "BEL-chT 1920"]
[Site "Belgium"]
[Date "2020.03.08"]
[Round "9.4"]
[White "Rademakers, Evert"]
[Black "Klein, Felix"]
[Result "1/2-1/2"]
[WhiteElo "2254"]
[BlackElo "2350"]
[PlyCount "26"]
[EventDate "2019.09.29"]
[EventType "team-tourn"]
[EventRounds "11"]
[EventCountry "BEL"]
[SourceTitle "CBM 195 Extra"]
[Source "ChessBase"]
[SourceDate "2020.05.31"]
[SourceVersion "1"]
[SourceVersionDate "2020.05.31"]
[SourceQuality "1"]
[WhiteTeam "Borgerhout"]
[BlackTeam "Eupen Rochade"]
[WhiteTeamCountry "BEL"]
[BlackTeamCountry "BEL"]

1. d4 d5 2. c4 e6 3. Nf3 Nf6 4. g3 Be7 5. Bg2 0-0 6. Nc3 c6 7. 0-0 b6 8. Bf4 Ba6 9. cxd5 cxd5 10. Rc1 Nh5 11. Bd2 Nf6 12. Bf4 Nh5 13. Bd2 Nf6 1/2-1/2

[Event "Cannes op 34th"]
[Site "Cannes"]
[Date "2020.02.19"]
[Round "4"]
[White "Rademakers, Evert"]
[Black "Joie, Sebastien"]
[Result "0-1"]
[WhiteElo "2280"]
[BlackElo "2421"]
[PlyCount "80"]
[EventDate "2020.02.17"]
[EventType "swiss"]
[EventRounds "9"]
[EventCountry "FRA"]
[SourceTitle "CBM 195 Extra"]
[Source "ChessBase"]
[SourceDate "2020.05.31"]
[SourceVersion "1"]
[SourceVersionDate "2020.05.31"]
[SourceQuality "1"]

1. d4 d5 2. c4 c6 3. Nf3 Nf6 4. g3 g6 5. Bg2 Bg7 6. cxd5 cxd5 7. 0-0 0-0 8. Nc3 Ne4 9. Nxe4 dxe4 10. Ne5 Qb6 11. b3 Nc6 12. Nxc6 bxc6 13. Ba3 Bxd4 14. Rc1 Bf5 15. e3 Bf6 16. Qc2 Qa6 17. Bc5 Rfd8 18. h3 h5 19. Rfd1 Rd3 20. Bf1 Rad8 21. Kh2 Qc8 22. Bxd3 exd3 23. Qc4 h4 24. g4 d2 25. Rc2 Bxc2 26. Qxc2 Qd7 27. Bb4 Qc7+ 28. Kg2 a5 29. Bxd2 Qd6 30. Kf3 Qh2 31. Ke2 Qxh3 32. Qe4 Qh2 33. Qxc6 Qe5 34. f4 Qb2 35. g5 Bg7 36. Qc7 Rd5 37. Qc8+ Kh7 38. Qg4 Bc3 39. Qxh4+ Kg8 40. Qe1 Qc2 0-1

[Event "BEL-chT 1920"]
[Site "Belgium"]
[Date "2020.01.19"]
[Round "6.6"]
[White "Rademakers, Evert"]
[Black "Gitu, Paula Alexandra"]
[Result "1/2-1/2"]
[WhiteElo "2254"]
[BlackElo "2119"]
[PlyCount "106"]
[EventDate "2019.09.29"]
[EventType "team-tourn"]
[EventRounds "11"]
[EventCountry "BEL"]
[SourceTitle "CBM 195 Extra"]
[Source "ChessBase"]
[SourceDate "2020.05.31"]
[SourceVersion "1"]
[SourceVersionDate "2020.05.31"]
[SourceQuality "1"]
[WhiteTeam "Borgerhout"]
[BlackTeam "Europchess"]
[WhiteTeamCountry "BEL"]
[BlackTeamCountry "BEL"]

1. d4 d6 2. c4 e5 3. Nf3 e4 4. Ng5 f5 5. Nc3 Nf6 6. g3 Be7 7. Bg2 c6 8. d5 0-0 9. 0-0 h6 10. Nh3 Nbd7 11. f3 exf3 12. exf3 Ne5 13. b3 c5 14. Nf4 Rb8 15. Re1 g5 16. Ne6 Bxe6 17. dxe6 Ng6 18. Qc2 Ne8 19. Bb2 Bf6 20. Rad1 Ne7 21. f4 g4 22. Rd2 a6 23. a4 Qc7 24. Kf1 Bxc3 25. Qxc3 Nf6 26. Red1 Rbd8 27. Bd5 Kg7 28. Kg1 Kg6 29. Bg2 h5 30. Rd3 Ne8 31. Qe1 Nc8 32. Bc3 Qe7 33. b4 cxb4 34. Bxb4 Ng7 35. c5 dxc5 36. Rd7 Rxd7 37. Rxd7 Qe8 38. Bxc5 Nxe6 39. Re7 Nxe7 40. Qxe6+ Rf6 41. Qxe7 Qxe7 42. Bxe7 Re6 43. Bc5 Re1+ 44. Kf2 Ra1 45. Bxb7 Rxa4 46. Ke3 Ra2 47. Kd4 Rxh2 48. Bxa6 h4 49. gxh4 g3 50. Ke5 Rh1 51. h5+ Rxh5 52. Bd3 g2 53. Ke6 Rh1 1/2-1/2

[Event "Helsinki EtVaS Autumn-A"]
[Site "Helsinki"]
[Date "2019.09.08"]
[Round "5"]
[White "Rademakers, Evert"]
[Black "Paasikangas Tella, Johanna"]
[Result "1-0"]
[WhiteElo "2254"]
[BlackElo "2211"]
[PlyCount "131"]
[EventDate "2019.09.06"]
[EventType "tourn"]
[EventRounds "5"]
[EventCountry "FIN"]
[EventCategory "1"]
[SourceTitle "EXT 2021"]
[Source "ChessBase"]
[SourceDate "2020.10.23"]
[SourceVersion "1"]
[SourceVersionDate "2020.10.23"]
[SourceQuality "1"]

1. d4 Nf6 2. c4 g6 3. Nc3 Bg7 4. e4 d6 5. Nf3 0-0 6. Be2 c6 7. 0-0 Qc7 8. Ne1 e5 9. d5 a5 10. Nd3 Re8 11. Be3 Nbd7 12. f3 Nh5 13. Qd2 f5 14. g4 f4 15. Bf2 Nhf6 16. h4 Kh8 17. Rfc1 Bf8 18. b3 Be7 19. a3 Qd8 20. Kg2 Rg8 21. Qb2 Ne8 22. Rh1 Ng7 23. Na4 b5 24. cxb5 cxd5 25. exd5 Bb7 26. Nc3 Nf6 27. Rad1 Nxd5 28. Nxd5 Bxd5 29. Nxf4 Bb7 30. Nd5 Ne6 31. Bg3 Bf8 32. Bc4 Bg7 33. h5 g5 34. Qe2 Rf8 35. Rhf1 Qe8 36. a4 Rc8 37. Qe4 Nc5 38. Qe3 Qd8 39. Nc3 h6 40. Rf2 Qe7 41. Nd5 Qe8 42. Nb6 e4 43. Bd5 Bxd5 44. Rxd5 exf3+ 45. Rxf3 Qxe3 46. Rxe3 Rce8 47. Nc4 Rxe3 48. Nxe3 Ne4 49. b6 Nxg3 50. Kxg3 Be5+ 51. Kg2 Rb8 52. Nc4 Bf4 53. Rxa5 Kg7 54. Rf5 Rd8 55. Rd5 Kf7 56. Kf3 Ke6 57. Ke4 Kd7 58. Rb5 Kc6 59. Na5+ Kd7 60. b7 Rb8 61. Kd5 Kc7 62. Nc4 Bg3 63. a5 Bf2 64. Nxd6 Ba7 65. Rb4 Rd8 66. Rc4+ 1-0

[Event "Helsinki EtVaS Autumn-A"]
[Site "Helsinki"]
[Date "2019.09.07"]
[Round "2"]
[White "Rademakers, Evert"]
[Black "Jarvenpaa, Jari"]
[Result "1-0"]
[WhiteElo "2254"]
[BlackElo "2231"]
[PlyCount "71"]
[EventDate "2019.09.06"]
[EventType "tourn"]
[EventRounds "5"]
[EventCountry "FIN"]
[EventCategory "1"]
[SourceTitle "EXT 2021"]
[Source "ChessBase"]
[SourceDate "2020.10.23"]
[SourceVersion "1"]
[SourceVersionDate "2020.10.23"]
[SourceQuality "1"]

1. Nf3 d5 2. e3 c6 3. c4 e6 4. Nc3 f5 5. b3 Nf6 6. Bb2 Bd6 7. Be2 0-0 8. Qc2 a6 9. h3 Nbd7 10. g4 f4 11. g5 Ne8 12. 0-0-0 fxe3 13. dxe3 Qe7 14. h4 b5 15. Nd4 Bb7 16. Bg4 Nc7 17. f4 Nb6 18. cxd5 cxd5 19. Kb1 b4 20. Nce2 Nd7 21. Ng3 Nc5 22. h5 Rfc8 23. Ba1 Nb5 24. Nxb5 axb5 25. Qb2 d4 26. Qxd4 Bxh1 27. Rxh1 Rd8 28. h6 Qa7 29. Qxg7+ Qxg7 30. hxg7 Be7 31. Ne4 Rxa2 32. Kxa2 Ra8+ 33. Kb1 Rxa1+ 34. Kxa1 Nxe4 35. Bxe6+ Kxg7 36. Bf5 1-0

[Event "Hilversum op"]
[Site "Hilversum"]
[Date "2019.06.22"]
[Round "4"]
[White "L'Ami, Erwin"]
[Black "Rademakers, Evert"]
[Result "1-0"]
[WhiteElo "2648"]
[BlackElo "2247"]
[PlyCount "87"]
[EventDate "2019.06.21"]
[EventType "swiss"]
[EventRounds "6"]
[EventCountry "NED"]
[SourceTitle "CBM 191 Extra"]
[Source "ChessBase"]
[SourceDate "2019.09.30"]
[SourceVersion "1"]
[SourceVersionDate "2019.09.30"]
[SourceQuality "1"]

1. d4 g6 2. e4 Bg7 3. Nc3 d6 4. Be3 a6 5. g4 b5 6. Bg2 Bb7 7. h4 h6 8. Nge2 Nd7 9. Ng3 e5 10. d5 Bf6 11. h5 Bg5 12. hxg6 fxg6 13. Qd2 Bxe3 14. Qxe3 Qf6 15. Nce2 Nb6 16. b3 Bc8 17. f3 Bd7 18. 0-0-0 0-0-0 19. Kb1 Kb7 20. Nc1 g5 21. Qc3 Ne7 22. Nd3 Ra8 23. Bf1 Rhc8 24. Nf5 Bxf5 25. gxf5 c5 26. dxc6+ Nxc6 27. Qd2 Nd4 28. Ne1 Rd8 29. Qh2 Rh8 30. c3 Nc6 31. Nc2 h5 32. Qd2 Rad8 33. Ne3 Qf7 34. Kb2 h4 35. Rg1 Rhg8 36. Qd3 Rd7 37. Rd2 Rdd8 38. Be2 Rd7 39. Rgd1 Rgd8 40. a4 Na5 41. Nd5 Nac4+ 42. bxc4 Nxc4+ 43. Ka1 Nxd2 44. Rxd2 1-0

[Event "Utrecht OKU op 45th"]
[Site "Utrecht"]
[Date "2018.06.03"]
[Round "6"]
[White "Rademakers, Evert"]
[Black "Grooten, Herman"]
[Result "0-1"]
[WhiteElo "2219"]
[BlackElo "2384"]
[PlyCount "70"]
[EventDate "2018.06.01"]
[EventType "swiss"]
[EventRounds "6"]
[EventCountry "NED"]
[SourceTitle "CBM 184 Extra"]
[Source "ChessBase"]
[SourceDate "2018.06.28"]
[SourceVersion "1"]
[SourceVersionDate "2018.06.28"]
[SourceQuality "1"]

1. Nf3 Nf6 2. g3 b6 3. Bg2 Bb7 4. 0-0 g6 5. c4 c5 6. Nc3 Bg7 7. d4 cxd4 8. Qxd4 d6 9. Qh4 h6 10. Qf4 Nbd7 11. Rd1 Rc8 12. b3 Ne4 13. Nxe4 Bxa1 14. Ba3 Bg7 15. Rxd6 Qc7 16. Bh3 0-0 17. Rxd7 Qxf4 18. gxf4 Bxe4 19. Nd2 Bc6 20. Rxa7 Ra8 21. Rc7 Rfd8 22. Bb4 Be8 23. a4 e6 24. Bg2 Rab8 25. Rb7 Rxb7 26. Bxb7 Bf8 27. Bc3 Bg7 28. Bb4 Rd7 29. Bc6 Rxd2 30. Bxd2 Bxc6 31. Be3 Be4 32. Bxb6 Bc2 33. b4 Bxa4 34. f3 Bc3 35. Ba5 Bd4+ 0-1

[Event "Warsaw Najdorf Memorial op-B"]
[Site "Warsaw"]
[Date "2010.07.23"]
[Round "8"]
[White "Rademakers, Evert"]
[Black "Jacek, Krystian"]
[Result "1/2-1/2"]
[WhiteElo "2171"]
[BlackElo "2055"]
[PlyCount "78"]
[EventDate "2010.07.17"]
[EventType "swiss"]
[EventRounds "9"]
[EventCountry "POL"]
[SourceTitle "CBM 137 Extra"]
[Source "ChessBase"]
[SourceDate "2010.09.01"]
[SourceVersion "1"]
[SourceVersionDate "2010.09.01"]
[SourceQuality "1"]

1. d4 Nf6 2. Nf3 g6 3. c4 Bg7 4. Nc3 0-0 5. e4 d6 6. Be2 e5 7. 0-0 Nc6 8. dxe5 dxe5 9. Bg5 Qxd1 10. Rfxd1 h6 11. Be3 Be6 12. Nd5 Rfc8 13. Nxf6+ Bxf6 14. Bxh6 Nd4 15. Nxd4 exd4 16. Bf4 c5 17. Bd6 a5 18. Bd3 Ra6 19. Bf4 a4 20. Bd2 Bg7 21. Rab1 Rca8 22. f4 f5 23. exf5 Bxf5 24. Bxf5 gxf5 25. Re1 Kf7 26. Kf2 Rh6 27. h3 Bf6 28. Kf3 Rg8 29. Rg1 b6 30. Be1 Rxh3+ 31. g3 Rh2 32. Bf2 d3 33. Rbd1 Rd8 34. b3 a3 35. Rh1 Rxh1 36. Rxh1 Bc3 37. Rd1 Kg6 38. Be3 Rd7 39. Bd2 Bd4 1/2-1/2

[Event "Warsaw Najdorf Memorial op-A"]
[Site "Warsaw"]
[Date "2010.07.18"]
[Round "2"]
[White "Rademakers, Evert"]
[Black "Suchocki, Tomasz"]
[Result "1-0"]
[WhiteElo "2171"]
[BlackElo "1978"]
[PlyCount "61"]
[EventDate "2010.07.17"]
[EventType "swiss"]
[EventRounds "9"]
[EventCountry "POL"]
[SourceTitle "CBM 137 Extra"]
[Source "ChessBase"]
[SourceDate "2010.09.01"]
[SourceVersion "1"]
[SourceVersionDate "2010.09.01"]
[SourceQuality "1"]

1. d4 Nf6 2. c4 c5 3. d5 e5 4. Nc3 d6 5. g3 g6 6. Bg2 Bg7 7. e4 0-0 8. Nge2 Nbd7 9. 0-0 a6 10. h3 Rb8 11. a4 Ne8 12. Be3 Nc7 13. a5 b5 14. axb6 Nxb6 15. b3 Nd7 16. Rb1 Ne8 17. Qd2 Rb4 18. Nc1 Qc7 19. Nd3 Rb7 20. Rfc1 Qb8 21. b4 cxb4 22. Na4 a5 23. c5 dxc5 24. Naxc5 Rc7 25. Nb3 Rxc1+ 26. Rxc1 a4 27. Na5 Nd6 28. Nc6 Qa8 29. Qxb4 Nb7 30. Ra1 Qa6 31. Bf1 1-0

[Event "Warsaw Najdorf Memorial op-B"]
[Site "Warsaw"]
[Date "2010.07.18"]
[Round "3"]
[White "Van Assendelft, Floris"]
[Black "Rademakers, Evert"]
[Result "1-0"]
[WhiteElo "2374"]
[BlackElo "2171"]
[PlyCount "81"]
[EventDate "2010.07.17"]
[EventType "swiss"]
[EventRounds "9"]
[EventCountry "POL"]
[SourceTitle "CBM 137 Extra"]
[Source "ChessBase"]
[SourceDate "2010.09.01"]
[SourceVersion "1"]
[SourceVersionDate "2010.09.01"]
[SourceQuality "1"]

1. e4 c5 2. Nf3 Nc6 3. Nc3 Nf6 4. d4 cxd4 5. Nxd4 e6 6. Ndb5 Bb4 7. a3 Bxc3+ 8. Nxc3 d5 9. exd5 exd5 10. Bd3 0-0 11. 0-0 Bg4 12. f3 Bh5 13. Bg5 Qb6+ 14. Kh1 Ne4 15. Nxe4 dxe4 16. Bxe4 Qxb2 17. Qd3 Bg6 18. Rab1 Bxe4 19. fxe4 Qe5 20. Bf4 Qe6 21. Rxb7 Rad8 22. Qf3 Nd4 23. Qf2 Qa6 24. Rc7 Qxa3 25. Be5 Ne6 26. Rxf7 Qa6 27. Rf5 g6 28. Rf3 Rxf3 29. gxf3 Rd2 30. Qe1 Rxc2 31. Rf2 Rc5 32. Bb2 Nf4 33. Rd2 Nd3 34. Qe2 Nb4 35. Rd8+ Kf7 36. Qd1 Nc6 37. Rd6 Qb5 38. Rf6+ Kg8 39. Ba3 Rc3 40. Rxc6 Rd3 41. Rc8+ 1-0

[Event "NRW Class1 0910"]
[Site "Germany"]
[Date "2010.01.31"]
[Round "6.2"]
[White "Tomaszewski, Roman"]
[Black "Rademakers, Evert"]
[Result "1-0"]
[WhiteElo "2322"]
[BlackElo "2154"]
[PlyCount "107"]
[EventDate "2009.09.20"]
[EventType "team-tourn"]
[EventRounds "9"]
[EventCountry "GER"]
[SourceTitle "EXT 2011"]
[Source "ChessBase"]
[SourceDate "2010.11.26"]
[SourceVersion "1"]
[SourceVersionDate "2010.11.26"]
[SourceQuality "1"]
[WhiteTeam "Herne Sodingen"]
[BlackTeam "Rheine"]
[WhiteTeamCountry "GER"]
[BlackTeamCountry "GER"]

1. c4 Nf6 2. Nc3 c5 3. g3 g6 4. Bg2 Bg7 5. e3 0-0 6. d4 Na6 7. Nge2 d6 8. 0-0 Rb8 9. b3 Nd7 10. Bb2 Nc7 11. a4 a6 12. a5 b5 13. axb6 Nxb6 14. Qc1 Bb7 15. d5 e6 16. dxe6 fxe6 17. Rd1 Bxg2 18. Kxg2 Qc8 19. Rd2 Qb7+ 20. Kg1 Nd7 21. f4 Qxb3 22. Nd1 Nf6 23. Ra3 Qb6 24. Bc3 Ne4 25. Rb2 Nxc3 26. Nexc3 Qc6 27. Rab3 Rxb3 28. Rxb3 d5 29. Qb1 dxc4 30. Rb6 Qf3 31. Qe4 Qxe4 32. Nxe4 Nb5 33. Rxa6 c3 34. Ra2 Rd8 35. Ndf2 c4 36. Kf1 Na3 37. Nxc3 Bxc3 38. Rxa3 Bb2 39. Ra7 Rc8 40. Ne4 Bg7 41. Ra2 e5 42. Ke2 exf4 43. gxf4 Rb8 44. Rc2 c3 45. Ng5 Rc8 46. Nf3 h6 47. Kd3 Rd8+ 48. Nd4 g5 49. fxg5 hxg5 50. Rg2 Bxd4 51. exd4 Kf7 52. Rxg5 Ke6 53. Re5+ Kd6 54. h4 1-0

[Event "NRW Class1 0910"]
[Site "Germany"]
[Date "2009.10.25"]
[Round "2.2"]
[White "Rademakers, Evert"]
[Black "Muschik, Benedikt"]
[Result "1/2-1/2"]
[WhiteElo "2154"]
[BlackElo "2284"]
[PlyCount "87"]
[EventDate "2009.09.20"]
[EventType "team-tourn"]
[EventRounds "9"]
[EventCountry "GER"]
[SourceTitle "EXT 2011"]
[Source "ChessBase"]
[SourceDate "2010.11.26"]
[SourceVersion "1"]
[SourceVersionDate "2010.11.26"]
[SourceQuality "1"]
[WhiteTeam "Rheine"]
[BlackTeam "Neuenkirchen"]
[WhiteTeamCountry "GER"]
[BlackTeamCountry "GER"]

1. d4 g6 2. e4 Bg7 3. Nc3 d6 4. Be3 a6 5. Qd2 Nd7 6. 0-0-0 b5 7. f3 Bb7 8. d5 c5 9. dxc6 Bxc6 10. Kb1 Ngf6 11. Bh6 Bxh6 12. Qxh6 Qb6 13. Nge2 Bb7 14. Qd2 b4 15. Na4 Qa5 16. b3 Bc6 17. Nb2 Ne5 18. Nd4 Bxe4 19. Qe1 Bb7 20. f4 Ne4 21. Na4 Ng4 22. Be2 Ngf2 23. Bf3 Nxd1 24. Bxe4 d5 25. Bxg6 hxg6 26. Qxd1 Qc7 27. Qd2 a5 28. g3 Bc6 29. Nb2 Bd7 30. Nd3 Rc8 31. Re1 Qc3 32. Qe3 e6 33. Re2 Rh5 34. g4 Rh4 35. h3 Rxh3 36. Qxh3 Qxd4 37. Re5 Qg1+ 38. Re1 Qd4 39. Re5 Qg1+ 40. Re1 Qd4 41. f5 g5 42. Ne5 Qf2 43. Rc1 exf5 44. Qh7 1/2-1/2

[Event "Enschede Twente op"]
[Site "Enschede"]
[Date "2009.08.02"]
[Round "3"]
[White "Van Assendelft, Floris"]
[Black "Rademakers, Evert"]
[Result "1-0"]
[WhiteElo "2332"]
[BlackElo "2154"]
[PlyCount "57"]
[EventDate "2009.07.31"]
[EventType "swiss"]
[EventRounds "9"]
[EventCountry "NED"]
[SourceTitle "CBM 131 Extra"]
[Source "ChessBase"]
[SourceDate "2009.09.03"]
[SourceVersion "2"]
[SourceVersionDate "2009.09.16"]
[SourceQuality "1"]

1. d4 d5 2. Bg5 g6 3. Nf3 Bg7 4. Nbd2 Nf6 5. e3 0-0 6. Bd3 c5 7. c3 b6 8. 0-0 Ba6 9. Bxa6 Nxa6 10. Bxf6 Bxf6 11. a4 Nb8 12. a5 Nc6 13. Qa4 Qe8 14. b4 e6 15. bxc5 bxc5 16. Nb3 cxd4 17. cxd4 Rb8 18. Rfc1 Rb4 19. Qxc6 Qxc6 20. Rxc6 Rxb3 21. g4 Rfb8 22. g5 Bd8 23. Kg2 Kg7 24. Ra2 Rb2 25. Rxb2 Rxb2 26. Ra6 Rb5 27. Rxa7 Rxa5 28. Rd7 Bb6 29. Rb7 1-0

[Event "Utrecht OKU op"]
[Site "Utrecht"]
[Date "2009.06.07"]
[Round "6"]
[White "Solodovnichenko, Yuri"]
[Black "Rademakers, Evert"]
[Result "0-1"]
[WhiteElo "2564"]
[BlackElo "2138"]
[PlyCount "84"]
[EventDate "2009.06.05"]
[EventType "swiss"]
[EventRounds "6"]
[EventCountry "NED"]
[SourceTitle "CBM 130 Extra"]
[Source "ChessBase"]
[SourceDate "2009.07.02"]
[SourceVersion "2"]
[SourceVersionDate "2009.07.15"]
[SourceQuality "1"]

1. e4 c6 2. d4 d5 3. e5 Bf5 4. Nf3 e6 5. Be2 c5 6. Be3 Nc6 7. dxc5 Nge7 8. 0-0 Qc7 9. Na3 a6 10. c4 d4 11. Bxd4 0-0-0 12. Nb5 axb5 13. cxb5 Nxd4 14. Nxd4 Qxe5 15. Nf3 Rxd1 16. Nxe5 Rxa1 17. Rxa1 Bg6 18. Rd1 Nd5 19. Bg4 f5 20. Bf3 Be7 21. a4 Rd8 22. g4 Nb4 23. Rxd8+ Bxd8 24. gxf5 Bxf5 25. Nc4 Be7 26. Na5 Nd5 27. c6 b6 28. Nc4 Kc7 29. Bd1 Bf6 30. b3 Nc3 31. Bf3 Be4 32. Bxe4 Nxe4 33. b4 Nc3 34. a5 bxa5 35. b6+ Kxc6 36. bxa5 Na4 37. Kg2 Nc5 38. f4 Kb5 39. Nd6+ Ka6 40. Kf3 Nb7 41. Nc4 Bc3 42. Ke4 Nxa5 0-1

[Event "Hoogeveen Essent op"]
[Site "Hoogeveen"]
[Date "2008.10.20"]
[Round "4"]
[White "Rademakers, Evert"]
[Black "Vedder, Richard"]
[Result "0-1"]
[WhiteElo "2151"]
[BlackElo "2334"]
[PlyCount "90"]
[EventDate "2008.10.17"]
[EventType "swiss"]
[EventRounds "9"]
[EventCountry "NED"]
[SourceTitle "CBM 126 Extra"]
[Source "ChessBase"]
[SourceDate "2008.11.05"]
[SourceVersion "1"]
[SourceVersionDate "2008.11.05"]
[SourceQuality "1"]

1. d4 Nf6 2. Nf3 e6 3. c4 d5 4. g3 dxc4 5. Bg2 Nc6 6. Qa4 Bb4+ 7. Bd2 Nd5 8. Bxb4 Ndxb4 9. a3 b5 10. Qxb5 Nc2+ 11. Kd2 Nxa1 12. Qxc6+ Bd7 13. Qxc4 c5 14. Nc3 cxd4 15. Nxd4 Rc8 16. Qd3 e5 17. Rxa1 exd4 18. Qxd4 0-0 19. Ke1 Bc6 20. Qxd8 Rfxd8 21. Bxc6 Rxc6 22. Rd1 Rxd1+ 23. Kxd1 g5 24. Ne4 g4 25. f3 f5 26. Nf2 Rh6 27. fxg4 Rxh2 28. Ke1 Rg2 29. gxf5 Rxg3 30. Nd3 h5 31. Kf2 h4 32. Nf4 Kf7 33. Ng6 Rb3 34. Nxh4 Rxb2 35. Kf3 Rb3+ 36. Kf4 Rxa3 37. e4 a5 38. Ng6 a4 39. Ne5+ Kg7 40. Nd7 Ra1 41. e5 Kf7 42. e6+ Ke7 43. Nb6 a3 44. Nd5+ Kf8 45. f6 a2 0-1

[Event "Twente Young Master op-B"]
[Site "Twente"]
[Date "2007.08.06"]
[Round "1"]
[White "Kedar, Tomer"]
[Black "Rademakers, Evert"]
[Result "0-1"]
[WhiteElo "1665"]
[BlackElo "2140"]
[PlyCount "38"]
[EventDate "2007.08.06"]
[EventType "swiss"]
[EventRounds "9"]
[EventCountry "NED"]
[SourceTitle "EXT 2008"]
[Source "ChessBase"]
[SourceDate "2007.11.25"]
[SourceVersion "1"]
[SourceVersionDate "2007.11.25"]
[SourceQuality "1"]

1. e4 c5 2. Nf3 Nc6 3. d4 cxd4 4. Nxd4 Nf6 5. Nc3 e5 6. Nf3 Bb4 7. Bd2 Bxc3 8. Bxc3 Nxe4 9. Bxe5 Nxe5 10. Nxe5 Qa5+ 11. c3 Qxe5 12. Qe2 d6 13. 0-0-0 0-0 14. h4 Bf5 15. Qe3 Qa5 16. Bc4 Nf6 17. Rxd6 Rac8 18. Bb3 Rfe8 19. Qg3 Ne4 0-1